| 000 | 00457nam a2200157 i 4500 | ||
|---|---|---|---|
| 001 | 55993 | ||
| 003 | ES-MaACL | ||
| 005 | 20230906163249.0 | ||
| 007 | t| | ||
| 008 | 031001s1978 sp ||||1| spa d | ||
| 100 | 1 |
_aDíaz Migoyo, Gonzalo. _944354 |
|
| 245 | 1 | 0 |
_aEstructura de la novela _b: anatomía de El Buscón / _cGonzalo Díaz Migoyo. |
| 260 |
_a[Madrid : _bFundamentos, _c1978] |
||
| 300 |
_a177 p. ; _c21 cm. |
||
| 852 |
_aES-MaACL _jA-9617 _bR.98821 |
||
| 999 |
_c55993 _d55993 |
||